[Event "Verbandsliga MV 2014-15"]
[Site "Mecklenburg-Vorpommern"]
[Date "2014.11.09"]
[Round "2.6"]
[White "Giese, Lothar"]
[Black "Hantel, Thomas"]
[Result "1-0"]
[WhiteElo "1787"]
[BlackElo "1693"]
[PlyCount "71"]
[EventType "team-tourn"]
[EventRounds "9"]
[WhiteTeam "FHSG Stralsund"]
[BlackTeam "HSG Uni Rostock"]

1. c4 d5 2. cxd5 Qxd5 3. Nc3 Qa5 4. d4 c6 5. Nf3 Nf6 6. Bd2 Qc7 7. e4 Bg4 8.
Be2 e6 9. Rc1 Be7 10. O-O Qd8 11. Be3 O-O 12. Qb3 Qb6 13. Qc2 Qa5 14. h3 Bh5
15. a3 Nbd7 16. b4 Qxa3 17. Ra1 Qxb4 18. Rfb1 Qd6 19. Rxb7 e5 20. dxe5 Nxe5 21.
Nxe5 Qxe5 22. Bxh5 Nxh5 23. Raxa7 Rxa7 24. Rxa7 Bg5 25. Bxg5 Qxg5 26. Ne2 Nf4
27. Nxf4 Qxf4 28. Qxc6 Qd2 29. g3 Qd8 30. Rd7 Qb8 31. Qd5 Qe8 32. h4 g6 33. h5
Kg7 34. Qd4+ Kh6 35. g4 gxh5 36. Qf6# 1-0

[Event "Verbandsliga MV 2014-15"]
[Site "Mecklenburg-Vorpommern"]
[Date "2014.11.09"]
[Round "2.7"]
[White "Schroeder, Christian"]
[Black "Glawe, Hartmut"]
[Result "0-1"]
[WhiteElo "1852"]
[BlackElo "1865"]
[PlyCount "66"]
[EventType "team-tourn"]
[EventRounds "9"]
[WhiteTeam "HSG Uni Rostock"]
[BlackTeam "FHSG Stralsund"]

1. c4 Nf6 2. Nc3 e5 3. g3 c6 4. d4 exd4 5. Qxd4 d5 6. cxd5 cxd5 7. Bg2 Nc6 8.
Qd1 d4 9. Ne4 Nxe4 10. Bxe4 Bb4+ 11. Bd2 Qe7 12. Bd3 O-O 13. a3 Bxd2+ 14. Qxd2
Ne5 15. O-O-O Be6 16. Kb1 Rac8 17. Nf3 Bd5 18. Nxd4 Nxd3 19. exd3 Bxh1 20. Rxh1
Qc5 21. Nc2 Rfd8 22. Rd1 Rd7 23. f4 Rdc7 24. Ne1 Qd5 25. Qe2 b5 26. Qd2 Qb3 27.
d4 a5 28. Qd3 Rc3 29. Qe2 b4 30. a4 R3c7 31. d5 Qxa4 32. d6 Rd7 33. Nf3 b3 0-1

[Event "Verbandsliga MV 2014-15"]
[Site "Mecklenburg-Vorpommern"]
[Date "2014.11.09"]
[Round "2.8"]
[White "Rickmann, Niklas"]
[Black "Ernst, Mathias"]
[Result "1/2-1/2"]
[WhiteElo "1758"]
[BlackElo "1630"]
[PlyCount "85"]
[EventType "team-tourn"]
[EventRounds "9"]
[WhiteTeam "FHSG Stralsund"]
[BlackTeam "HSG Uni Rostock"]

1. e4 c5 2. Nf3 Nc6 3. d4 cxd4 4. Nxd4 d6 5. Nc3 Nf6 6. Be3 Ng4 7. Qd2 Nxe3 8.
Qxe3 g6 9. O-O-O Bg7 10. Bb5 Bd7 11. Nxc6 bxc6 12. Bc4 a5 13. f4 O-O 14. h3 Qc7
15. g4 Rab8 16. a4 Rb4 17. b3 Rfb8 18. f5 Rxc4 19. bxc4 Rb4 20. c5 Rc4 21. cxd6
exd6 22. Rd3 Qb8 23. Kd2 d5 24. fxg6 d4 25. gxf7+ Kf8 26. Qg5 dxc3+ 27. Ke2
Rxe4+ 28. Kf3 Re7 29. Qc5 Qb4 30. Qxb4 axb4 31. Rhd1 Be6 32. a5 Bd5+ 33. Kg3
Be5+ 34. Kh4 Rxf7 35. Re3 Bf6+ 36. Kh5 Rg7 37. h4 Bf7+ 38. Kh6 Bxh4 39. Re5 Bf6
40. Rf5 Rg6+ 41. Kxh7 Rg7+ 42. Kh6 Rg6+ 43. Kh7 1/2-1/2

[Event "Verbandsliga MV 2014-15"]
[Site "Mecklenburg-Vorpommern"]
[Date "2014.11.09"]
[Round "2.1"]
[White "Weyrich, Morten"]
[Black "Schinke, Andreas"]
[Result "1/2-1/2"]
[WhiteElo "2190"]
[BlackElo "2042"]
[PlyCount "100"]
[EventType "team-tourn"]
[EventRounds "9"]
[WhiteTeam "SF Schwerin  III"]
[BlackTeam "SV Blau-Weiss Grevesmuehlen"]

1. e4 c5 2. f4 g6 3. Nf3 Bg7 4. c3 d5 5. e5 Nc6 6. d4 cxd4 7. Nxd4 Nh6 8. Be3
Ng4 9. Bg1 f6 10. Be2 Nh6 11. Qa4 O-O 12. Nxc6 bxc6 13. Qxc6 Rb8 14. Bf3 e6 15.
Bc5 Bd7 16. Qa6 Rf7 17. exf6 Qxf6 18. Bd6 Rxb2 19. O-O Qf5 20. Na3 Bxc3 21.
Qxa7 Qd3 22. Rad1 Rd2 23. Rxd2 Qxd2 24. Qb8+ Kg7 25. Be5+ Bxe5 26. Qxe5+ Kg8
27. Rb1 Rf8 28. Qd6 Qe3+ 29. Kh1 Bc8 30. Nb5 Qd3 31. Na3 Nf5 32. Qb4 Nh4 33.
Qb3 Qd2 34. Qc2 Qxf4 35. Rf1 Qe3 36. Nb1 Nxf3 37. gxf3 Ba6 38. Qf2 Qf4 39. Re1
e5 40. Nd2 Bd3 41. Qe3 e4 42. fxe4 Bxe4+ 43. Nxe4 dxe4 44. Qxe4 Qxe4+ 45. Rxe4
Rf2 46. Re8+ Kf7 47. Ra8 Kg7 48. a4 Kh6 49. a5 Ra2 50. a6 Kg5 1/2-1/2

[Event "Verbandsliga MV 2014-15"]
[Site "Mecklenburg-Vorpommern"]
[Date "2014.11.09"]
[Round "2.2"]
[White "Boehme, Andy"]
[Black "Schreiber, Kevin"]
[Result "1-0"]
[WhiteElo "2018"]
[BlackElo "2020"]
[PlyCount "87"]
[EventType "team-tourn"]
[EventRounds "9"]
[WhiteTeam "SV Blau-Weiss Grevesmuehlen"]
[BlackTeam "SF Schwerin  III"]

1. g3 d5 2. Bg2 c6 3. c3 Nf6 4. d3 e5 5. Nd2 Bc5 6. Nb3 Bb6 7. d4 exd4 8. cxd4
O-O 9. Bg5 h6 10. Bxf6 Qxf6 11. Nh3 a5 12. e3 a4 13. Nd2 a3 14. bxa3 Rxa3 15.
O-O Bf5 16. Qc1 Qd6 17. Qb2 Nd7 18. Nb1 Bxb1 19. Rfxb1 Ba5 20. Rc1 Nb6 21. Bf1
Rb8 22. Rc5 Ra4 23. Rxa5 Rxa5 24. Qxb6 Qd8 25. Qb2 b6 26. Nf4 Qd6 27. Qb3 Ra3
28. Qc2 Ra5 29. Bg2 b5 30. Rc1 Rb6 31. Nd3 Rba6 32. Ra1 Qe7 33. Nc5 Ra8 34. Nb3
R5a6 35. Nc1 Qb4 36. Bf1 g6 37. Rb1 Qd6 38. Rb2 R8a7 39. Nd3 Ra4 40. Ne5 R7a6
41. Bh3 Rb4 42. Rxb4 Qxb4 43. Bd7 Ra3 44. Be6 1-0

[Event "Verbandsliga MV 2014-15"]
[Site "Mecklenburg-Vorpommern"]
[Date "2014.11.09"]
[Round "2.3"]
[White "Hanisch, Sebastian"]
[Black "Naujok, Joerg"]
[Result "1/2-1/2"]
[WhiteElo "2017"]
[BlackElo "1958"]
[PlyCount "99"]
[EventType "team-tourn"]
[EventRounds "9"]
[WhiteTeam "SF Schwerin  III"]
[BlackTeam "SV Blau-Weiss Grevesmuehlen"]

1. d4 Nf6 2. c4 g6 3. Nc3 d6 4. e4 Bg7 5. h3 Nbd7 6. Be3 e5 7. d5 Nc5 8. Qc2 a5
9. Nf3 b6 10. Be2 Bd7 11. O-O O-O 12. Nd2 Nh5 13. Bxh5 gxh5 14. f4 exf4 15.
Rxf4 Be5 16. Rf3 Qh4 17. Nb3 f5 18. Nxc5 bxc5 19. exf5 Qxc4 20. Raf1 Rf7 21.
Qd2 Raf8 22. Bh6 Qd4+ 23. Qxd4 Bxd4+ 24. Kh1 Bg7 25. Rg3 Kh8 26. Rxg7 Rxg7 27.
f6 Rgf7 28. Bxf8 Rxf8 29. Kh2 h6 30. Kg3 Kh7 31. Ne4 Kg6 32. Kh4 Bf5 33. Ng3
Bd3 34. Rd1 Bc2 35. Rd2 Bb1 36. Nxh5 Bxa2 37. Rd3 Kf5 38. g4+ Ke4 39. Ra3 Bxd5
40. Rxa5 Bf7 41. Ra7 Bxh5 42. Kxh5 Rxf6 43. Rxc7 d5 44. Rxc5 d4 45. Rc8 d3 46.
h4 d2 47. Rd8 Ke3 48. g5 hxg5 49. hxg5 Rb6 50. g6 1/2-1/2

[Event "Verbandsliga MV 2014-15"]
[Site "Mecklenburg-Vorpommern"]
[Date "2014.11.09"]
[Round "2.4"]
[White "Wecke, Thoralf"]
[Black "Hueneburg, Christian"]
[Result "1/2-1/2"]
[WhiteElo "1909"]
[BlackElo "2087"]
[PlyCount "27"]
[EventType "team-tourn"]
[EventRounds "9"]
[WhiteTeam "SV Blau-Weiss Grevesmuehlen"]
[BlackTeam "SF Schwerin  III"]

1. d4 c5 2. dxc5 e6 3. Nc3 Bxc5 4. Ne4 Nf6 5. Nxc5 Qa5+ 6. c3 Qxc5 7. Qd4 Qxd4
8. cxd4 Nc6 9. e3 b6 10. Bd2 Ne4 11. f3 Nxd2 12. Kxd2 Bb7 13. Ne2 Ke7 14. Nc3
1/2-1/2

[Event "Verbandsliga MV 2014-15"]
[Site "Mecklenburg-Vorpommern"]
[Date "2014.11.09"]
[Round "2.5"]
[White "Roehl, Rainer"]
[Black "Haase, Sebastian"]
[Result "1-0"]
[WhiteElo "2007"]
[BlackElo "1745"]
[PlyCount "107"]
[EventType "team-tourn"]
[EventRounds "9"]
[WhiteTeam "SF Schwerin  III"]
[BlackTeam "SV Blau-Weiss Grevesmuehlen"]

1. d4 Nf6 2. Bf4 d6 3. e3 g6 4. Be2 Bg7 5. Nf3 O-O 6. h3 Nfd7 7. c3 e5 8. dxe5
dxe5 9. Bg3 Qe7 10. Nbd2 Nc6 11. Qc2 Nb6 12. O-O f5 13. a4 a5 14. Nc4 Nxc4 15.
Bxc4+ Be6 16. Qb3 Bxc4 17. Qxc4+ Kh8 18. Bh4 Bf6 19. Bxf6+ Qxf6 20. Rad1 Rfd8
21. e4 h6 22. Rd5 Rd6 23. Rxd6 Qxd6 24. exf5 gxf5 25. Qb3 b6 26. Rd1 Qf6 27.
Rd7 e4 28. Rf7 Qd6 29. Nh4 f4 30. Rxf4 Re8 31. Qf7 Rg8 32. Qf6+ Qxf6 33. Rxf6
Ne5 34. Rxh6+ Kg7 35. Re6 Nd3 36. Rxe4 Nxb2 37. Kf1 Kf6 38. Ke2 Rd8 39. f4 Nd1
40. Rc4 Nb2 41. Rxc7 Nxa4 42. g4 Rh8 43. Rc6+ Kf7 44. Nf3 Re8+ 45. Ne5+ Kg7 46.
g5 Re7 47. Kd1 b5 48. Ng4 Nb2+ 49. Kd2 a4 50. f5 Rd7+ 51. Kc2 Nc4 52. f6+ Kh7
53. g6+ Kxg6 54. Rxc4 1-0

[Event "Verbandsliga MV 2014-15"]
[Site "Mecklenburg-Vorpommern"]
[Date "2014.11.09"]
[Round "2.7"]
[White "Helms, Sven"]
[Black "Wulff, Jens Peter"]
[Result "1-0"]
[WhiteElo "1928"]
[BlackElo "1638"]
[PlyCount "125"]
[EventType "team-tourn"]
[EventRounds "9"]
[WhiteTeam "SF Schwerin  III"]
[BlackTeam "SV Blau-Weiss Grevesmuehlen"]

1. d4 d6 2. Nf3 g6 3. e4 Bg7 4. Bc4 c6 5. O-O b5 6. Bb3 a5 7. a4 b4 8. Be3 d5
9. Nbd2 Nh6 10. h3 O-O 11. Re1 f5 12. Bg5 Nf7 13. exd5 Nxg5 14. Nxg5 cxd5 15.
Qf3 Ra6 16. Bxd5+ Kh8 17. Nf7+ Rxf7 18. Bxf7 e6 19. d5 Bxb2 20. Rad1 Qe7 21.
dxe6 Bc3 22. Re3 Bf6 23. Nb3 Kg7 24. Qd5 Rc6 25. Qb5 Rd6 26. Rxd6 Qxd6 27. Rd3
Qf4 28. g3 Qc7 29. Qc5 Qxc5 30. Nxc5 Nc6 31. Nb3 Ne5 32. Rd5 Nf3+ 33. Kg2 Ne1+
34. Kf1 Nxc2 35. Rxa5 Bb7 36. Ke2 Nd4+ 37. Nxd4 Bxd4 38. Kd2 Be4 39. Rb5 Bc3+
40. Kc1 Bc6 41. Rb8 Bxa4 42. Be8 Bxe8 43. Rxe8 Be1 44. g4 fxg4 45. hxg4 Bxf2
46. Re7+ Kg8 47. Kc2 Be3 48. Kd3 Bg5 49. Rb7 Kf8 50. Ke4 Be7 51. Kf4 h6 52. Ke5
h5 53. gxh5 gxh5 54. Kf5 h4 55. Kg4 Ke8 56. Rb8+ Bd8 57. Rxb4 Ke7 58. Kf5 Kd6
59. Rd4+ Kc7 60. Rd7+ Kc8 61. Rh7 Ba5 62. Rxh4 Kd8 63. Kf6 1-0

[Event "Verbandsliga MV 2014-15"]
[Site "Mecklenburg-Vorpommern"]
[Date "2014.11.09"]
[Round "2.8"]
[White "Streit, Bodo"]
[Black "Siegert, Gregor"]
[Result "0-1"]
[WhiteElo "1758"]
[BlackElo "1849"]
[PlyCount "80"]
[EventType "team-tourn"]
[EventRounds "9"]
[WhiteTeam "SV Blau-Weiss Grevesmuehlen"]
[BlackTeam "SF Schwerin  III"]

1. b4 d5 2. Bb2 Bf5 3. e3 Nf6 4. Nf3 e6 5. b5 h6 6. c4 Nbd7 7. Qc1 Be7 8. cxd5
exd5 9. Nd4 Bg6 10. Be2 O-O 11. Nc3 Nc5 12. O-O Nd3 13. Bxd3 Bxd3 14. Nce2 Ne4
15. f3 Nc5 16. Ba3 Ne6 17. Rf2 a6 18. Bxe7 Qxe7 19. bxa6 Rxa6 20. Qc3 Ra3 21.
Nb3 Bc4 22. Ned4 Rfa8 23. Qb2 Nxd4 24. Nxd4 Rxa2 25. Rxa2 Rxa2 26. Qc3 Qa3 27.
g3 Ra1+ 28. Kg2 Qa6 29. h3 Ra3 30. Qb2 Ra2 31. Qc3 Qf6 32. Nc2 Qxc3 33. dxc3 c5
34. e4 dxe4 35. fxe4 Bd3 36. Ne1 Bxe4+ 37. Kg1 Rxf2 38. Kxf2 b5 39. Ke3 f5 40.
h4 h5 0-1

[Event "Verbandsliga MV 2014-15"]
[Site "Mecklenburg-Vorpommern"]
[Date "2014.11.09"]
[Round "2.1"]
[White "Stutz, Reno"]
[Black "Springer, Guido"]
[Result "1-0"]
[WhiteElo "1947"]
[BlackElo "1768"]
[PlyCount "35"]
[EventType "team-tourn"]
[EventRounds "9"]
[WhiteTeam "ASV Gruen-Weiss Wismar"]
[BlackTeam "SV Gryps"]

1. e4 e5 2. Nc3 Nf6 3. f4 d5 4. fxe5 Nxe4 5. d3 Qh4+ 6. g3 Nxg3 7. Nf3 Qb4 8.
hxg3 Bg4 9. d4 c5 10. a3 Qa5 11. Be2 Nc6 12. Be3 O-O-O 13. Qd2 Bxf3 14. Bxf3
cxd4 15. Bxd4 Bb4 16. Rd1 Bc5 17. b4 Nxd4 18. Bg4+ 1-0

[Event "Verbandsliga MV 2014-15"]
[Site "Mecklenburg-Vorpommern"]
[Date "2014.11.09"]
[Round "2.2"]
[White "Voelsgen, Georg"]
[Black "Kliewe, Hans Juergen"]
[Result "1-0"]
[WhiteElo "1978"]
[BlackElo "1972"]
[PlyCount "137"]
[EventType "team-tourn"]
[EventRounds "9"]
[WhiteTeam "SV Gryps"]
[BlackTeam "ASV Gruen-Weiss Wismar"]

1. e4 e6 2. d3 d5 3. Nd2 c5 4. Ngf3 Be7 5. g3 Nc6 6. Bg2 Nf6 7. O-O O-O 8. h4
dxe4 9. dxe4 e5 10. c3 Qc7 11. Qc2 b6 12. Nc4 Ba6 13. Nfd2 Rad8 14. Rd1 Rfe8
15. Qa4 Qb7 16. Qc2 Qd7 17. Qa4 Bxc4 18. Qxc4 Na5 19. Qe2 Qd3 20. Qxd3 Rxd3 21.
Re1 Red8 22. Nf1 Nc4 23. b3 Na5 24. Bb2 c4 25. b4 Nc6 26. Ne3 b5 27. a4 a6 28.
axb5 axb5 29. Ra6 Rc8 30. Rb6 Rd2 31. Bc1 Rd3 32. Bb2 Rd2 33. Rb1 Na7 34. Rb7
Rd7 35. Rxd7 Nxd7 36. Nd5 Kf8 37. Ra1 Nc6 38. Bh3 Rd8 39. Ra6 Ndb8 40. Rb6 Na7
41. Rb7 Nac6 42. Rxb5 g6 43. Rb7 f5 44. f3 f4 45. b5 Na5 46. Ra7 Bc5+ 47. Kf1
Bxa7 48. b6 Bxb6 49. Nxb6 fxg3 50. Nd5 Kf7 51. Kg2 Nd7 52. Bc1 Rb8 53. Bxd7 Nb3
54. Be3 Na1 55. Kxg3 Nc2 56. Bf2 h6 57. Bg4 Rb3 58. Bh3 Na3 59. Bc5 Nb1 60. Bb4
Nd2 61. Bd6 Rb1 62. Bxe5 g5 63. hxg5 hxg5 64. Bd4 Kg6 65. Bf5+ Kh6 66. Nf6 Rb2
67. Ng4+ Kh5 68. Bg7 Nf1+ 69. Kh3 1-0

[Event "Verbandsliga MV 2014-15"]
[Site "Mecklenburg-Vorpommern"]
[Date "2014.11.09"]
[Round "2.3"]
[White "Littke, Helmut"]
[Black "Windjaeger, Gerd"]
[Result "1/2-1/2"]
[WhiteElo "1992"]
[BlackElo "1945"]
[PlyCount "43"]
[EventType "team-tourn"]
[EventRounds "9"]
[WhiteTeam "ASV Gruen-Weiss Wismar"]
[BlackTeam "SV Gryps"]

1. Nf3 Nf6 2. d4 b6 3. Bf4 Bb7 4. e3 e6 5. Bd3 Be7 6. Nbd2 d5 7. c3 O-O 8. Qc2
Nbd7 9. g4 Ne4 10. Nxe4 dxe4 11. Bxe4 Bxe4 12. Qxe4 Nf6 13. Qd3 Nxg4 14. Rg1
Nf6 15. Ne5 Qd5 16. Bh6 Ne8 17. e4 Qd6 18. Qg3 Bf6 19. f4 Kh8 20. Ng4 Qd8 21.
Nxf6 Qxf6 22. Bg5 1/2-1/2

[Event "Verbandsliga MV 2014-15"]
[Site "Mecklenburg-Vorpommern"]
[Date "2014.11.09"]
[Round "2.4"]
[White "Mauser, Tassilo Tino"]
[Black "Schulz, Bernd"]
[Result "1/2-1/2"]
[WhiteElo "1682"]
[BlackElo "1875"]
[PlyCount "37"]
[EventType "team-tourn"]
[EventRounds "9"]
[WhiteTeam "SV Gryps"]
[BlackTeam "ASV Gruen-Weiss Wismar"]

1. e4 e5 2. Nf3 Nc6 3. d4 exd4 4. Bc4 Be7 5. O-O d6 6. Nxd4 Nxd4 7. Qxd4 Nf6 8.
Nc3 O-O 9. Bd2 Be6 10. Nd5 Nxd5 11. exd5 Bf5 12. Bc3 Bf6 13. Qd2 Bxc3 14. Qxc3
Re8 15. Rfe1 Qd7 16. Bd3 Bxd3 17. Qxd3 Re7 18. Rxe7 Qxe7 19. Qd2 1/2-1/2

[Event "Verbandsliga MV 2014-15"]
[Site "Mecklenburg-Vorpommern"]
[Date "2014.11.09"]
[Round "2.5"]
[White "Borchert, Ulf"]
[Black "Mielke, Sven"]
[Result "1/2-1/2"]
[WhiteElo "1851"]
[BlackElo "1815"]
[PlyCount "47"]
[EventType "team-tourn"]
[EventRounds "9"]
[WhiteTeam "ASV Gruen-Weiss Wismar"]
[BlackTeam "SV Gryps"]

1. d4 d5 2. Nf3 Nf6 3. Bg5 e6 4. e3 Nbd7 5. Bd3 c5 6. c3 c4 7. Bc2 Be7 8. Nbd2
O-O 9. O-O b5 10. e4 dxe4 11. Nxe4 Nd5 12. Bd2 Bb7 13. Qe2 Rc8 14. Rae1 Qc7 15.
Neg5 N7f6 16. Ne5 Bd6 17. f4 Rce8 18. Ne4 Nxe4 19. Bxe4 f6 20. Bxh7+ Kxh7 21.
Qh5+ Kg8 22. Ng6 Ne7 23. Nxf8 Rxf8 24. Rxe6 1/2-1/2

[Event "Verbandsliga MV 2014-15"]
[Site "Mecklenburg-Vorpommern"]
[Date "2014.11.09"]
[Round "2.6"]
[White "Sadewasser, Lucie"]
[Black "Pentzien, Volker"]
[Result "1/2-1/2"]
[WhiteElo "1682"]
[BlackElo "1830"]
[PlyCount "114"]
[EventType "team-tourn"]
[EventRounds "9"]
[WhiteTeam "SV Gryps"]
[BlackTeam "ASV Gruen-Weiss Wismar"]

1. e4 e5 2. Nf3 Nc6 3. Bc4 Nf6 4. d3 Bc5 5. Nc3 d6 6. a3 Bg4 7. Be3 Nd4 8. Nb5
Nxf3+ 9. gxf3 Bxe3 10. fxg4 Bf4 11. Nc3 h5 12. gxh5 Nxh5 13. Qg4 Qg5 14. Qxg5
Bxg5 15. Nd5 O-O-O 16. Rg1 f6 17. Ne7+ Kb8 18. Nf5 c6 19. h4 Bf4 20. Bf7 g5 21.
hxg5 Bxg5 22. Bxh5 Rxh5 23. Ng7 Rh2 24. Ne6 Rg8 25. Ke2 Kc8 26. Rg3 Kd7 27.
Nxg5 Rxg5 28. Rxg5 fxg5 29. Rg1 Rh5 30. Kf3 Ke6 31. Rg3 Kf6 32. Kg2 d5 33. Rf3+
Kg6 34. Rf8 Rh7 35. Rd8 dxe4 36. dxe4 Rf7 37. Re8 Kf6 38. Kg3 Rh7 39. Ra8 a6
40. Rd8 Rh1 41. Rd7 Rg1+ 42. Kf3 g4+ 43. Ke2 g3 44. fxg3 Rg2+ 45. Kf3 Rxc2 46.
Rxb7 a5 47. Rb3 Kg5 48. Rb8 a4 49. Rb4 c5 50. Rb8 c4 51. Rb5 Kf6 52. Kg4 c3 53.
bxc3 Rxc3 54. Rb6+ Kf7 55. Rb5 Kf6 56. Rb6+ Kf7 57. Rb5 Kf6 1/2-1/2

[Event "Verbandsliga MV 2014-15"]
[Site "Mecklenburg-Vorpommern"]
[Date "2014.11.09"]
[Round "2.7"]
[White "Podolskiy, Alexander"]
[Black "Giering, Nils"]
[Result "1-0"]
[WhiteElo "1828"]
[BlackElo "1635"]
[PlyCount "25"]
[EventType "team-tourn"]
[EventRounds "9"]
[WhiteTeam "ASV Gruen-Weiss Wismar"]
[BlackTeam "SV Gryps"]

1. e4 e5 2. Nf3 Nc6 3. Bc4 Bc5 4. d3 a6 5. Be3 Ba7 6. O-O d6 7. a3 b5 8. Bd5
Nge7 9. Ba2 Bg4 10. Bxf7+ Kxf7 11. Ng5+ Ke8 12. Qxg4 Ng6 13. Nxh7 1-0

[Event "Verbandsliga MV 2014-15"]
[Site "Mecklenburg-Vorpommern"]
[Date "2014.11.09"]
[Round "2.8"]
[White "Wagner, Swenja"]
[Black "Junggebauer, Thomas"]
[Result "1/2-1/2"]
[WhiteElo "1491"]
[BlackElo "1786"]
[PlyCount "104"]
[EventType "team-tourn"]
[EventRounds "9"]
[WhiteTeam "SV Gryps"]
[BlackTeam "ASV Gruen-Weiss Wismar"]

1. e4 c5 2. Nf3 Nc6 3. d4 cxd4 4. Nxd4 e6 5. Nc3 a6 6. Bc4 Nf6 7. Bb3 Be7 8. f3
Qc7 9. Be3 O-O 10. Qd2 Rd8 11. O-O-O b5 12. h4 Na5 13. h5 Nc4 14. Bxc4 Qxc4 15.
Kb1 Bb7 16. g4 Rac8 17. Nb3 b4 18. Na4 Nxe4 19. Qg2 Ng5 20. Bxg5 Bxg5 21. Nb6
Qb5 22. Nxc8 Rxc8 23. Rhe1 Bd5 24. Qf1 Qc6 25. Nd4 Qc7 26. Qe2 Qa5 27. Nb3 Qc7
28. Rxd5 Bh4 29. Rdd1 Bxe1 30. Rxe1 h6 31. Rc1 d5 32. Qxa6 Rb8 33. c3 Qf4 34.
cxb4 Qxf3 35. Rc8+ Rxc8 36. Qxc8+ Kh7 37. Qc2+ Kg8 38. Qc8+ Kh7 39. Qc2+ Kg8
40. b5 Qf1+ 41. Qc1 Qxb5 42. g5 Qd3+ 43. Ka1 hxg5 44. Qxg5 Qd1+ 45. Qc1 Qxh5
46. a3 g5 47. Nc5 g4 48. Nd7 Qf5 49. Qh6 Qf1+ 50. Ka2 Qc4+ 51. Ka1 Qf1+ 52. Ka2
Qc4+ 1/2-1/2

[Event "Verbandsliga MV 2014-15"]
[Site "Mecklenburg-Vorpommern"]
[Date "2014.11.09"]
[Round "2.1"]
[White "Jaster, Robert"]
[Black "Hornych, Christoph"]
[Result "1/2-1/2"]
[WhiteElo "2269"]
[BlackElo "2095"]
[PlyCount "43"]
[EventType "team-tourn"]
[EventRounds "9"]
[WhiteTeam "SSC Rostock 07  II"]
[BlackTeam "SF Ostsee Warnemuende"]

1. c4 c6 2. e4 d5 3. exd5 cxd5 4. d4 Nf6 5. Nc3 Nc6 6. Bg5 dxc4 7. d5 Ne5 8.
Qd4 h6 9. Bh4 Ng6 10. Bg3 e6 11. O-O-O Nxd5 12. Bxc4 Be7 13. Bxd5 exd5 14. Nxd5
O-O 15. Nxe7+ Qxe7 16. Bd6 Qg5+ 17. f4 Qxg2 18. Bxf8 Nxf8 19. Qd5 Qf2 20. Qd4
Qg2 21. Qd5 Qf2 22. Qd4 1/2-1/2

[Event "Verbandsliga MV 2014-15"]
[Site "Mecklenburg-Vorpommern"]
[Date "2014.11.09"]
[Round "2.2"]
[White "Ruesch, Hans Joachim"]
[Black "Engel, Gunnar"]
[Result "1/2-1/2"]
[WhiteElo "1976"]
[BlackElo "2016"]
[PlyCount "29"]
[EventType "team-tourn"]
[EventRounds "9"]
[WhiteTeam "SF Ostsee Warnemuende"]
[BlackTeam "SSC Rostock 07  II"]

1. d4 Nf6 2. c4 g6 3. Nc3 Bg7 4. e4 d6 5. h3 O-O 6. Be3 c6 7. g4 e5 8. d5 cxd5
9. cxd5 Na6 10. Nf3 Qa5 11. Nd2 Nc5 12. Nb3 Qb4 13. Nxc5 dxc5 14. a3 Qa5 15.
Bd2 1/2-1/2

[Event "Verbandsliga MV 2014-15"]
[Site "Mecklenburg-Vorpommern"]
[Date "2014.11.09"]
[Round "2.3"]
[White "Pererva, Viktor"]
[Black "Hamann, Dirk"]
[Result "0-1"]
[WhiteElo "2013"]
[BlackElo "1892"]
[PlyCount "86"]
[EventType "team-tourn"]
[EventRounds "9"]
[WhiteTeam "SSC Rostock 07  II"]
[BlackTeam "SF Ostsee Warnemuende"]

1. e4 e5 2. Nf3 Nf6 3. Nxe5 d6 4. Nf3 Nxe4 5. Nc3 Nxc3 6. dxc3 Be7 7. Qd4 O-O
8. Be3 Nc6 9. Qf4 Bf6 10. O-O-O Ne7 11. g4 Ng6 12. Qg3 Qe8 13. g5 Be5 14. Nxe5
Qxe5 15. f4 Qa5 16. Kb1 Re8 17. h4 Be6 18. b3 Qxc3 19. Bd3 Bf5 20. Bc1 Bxd3 21.
Rxd3 Qc6 22. Rg1 a5 23. h5 Ne7 24. Bb2 Nf5 25. Qh3 Qe4 26. g6 fxg6 27. hxg6 h6
28. Bc3 Rf8 29. Qg4 a4 30. Re1 Qc6 31. Rh3 Rae8 32. Rxe8 Qxe8 33. Rd3 axb3 34.
axb3 Qe4 35. Rd1 Ne3 36. Qe2 Nxd1 37. Qxd1 Qxg6 38. Qd5+ Rf7 39. Qxb7 Qg1+ 40.
Kb2 Qe3 41. Qc8+ Kh7 42. f5 Qh3 43. Qe6 Qxf5 0-1

[Event "Verbandsliga MV 2014-15"]
[Site "Mecklenburg-Vorpommern"]
[Date "2014.11.09"]
[Round "2.4"]
[White "Wolke, Heiko"]
[Black "Mangold, Thomas"]
[Result "1/2-1/2"]
[WhiteElo "1950"]
[BlackElo "1922"]
[PlyCount "57"]
[EventType "team-tourn"]
[EventRounds "9"]
[WhiteTeam "SF Ostsee Warnemuende"]
[BlackTeam "SSC Rostock 07  II"]

1. e4 e5 2. Nf3 d6 3. d4 exd4 4. Bc4 Nf6 5. e5 dxe5 6. Nxe5 Be6 7. Bxe6 fxe6 8.
O-O Qd5 9. Re1 Bd6 10. Nf3 Nc6 11. Qe2 e5 12. c4 Qa5 13. Bd2 Qb6 14. b4 Bxb4
15. Nxe5 O-O 16. Nxc6 bxc6 17. Bxb4 Qxb4 18. Nd2 Rae8 19. Qd3 Qd6 20. f3 c5 21.
g3 Re7 22. Kf2 Ng4+ 23. Kg1 Ne3 24. Re2 h5 25. Ne4 Qe5 26. Rf2 h4 27. Re1 Qh5
28. f4 Qg6 29. Nxc5 1/2-1/2

[Event "Verbandsliga MV 2014-15"]
[Site "Mecklenburg-Vorpommern"]
[Date "2014.11.09"]
[Round "2.5"]
[White "Celmer, Ole"]
[Black "Birnbaum, Wolf Dieter"]
[Result "1-0"]
[WhiteElo "1912"]
[BlackElo "1784"]
[PlyCount "51"]
[EventType "team-tourn"]
[EventRounds "9"]
[WhiteTeam "SSC Rostock 07  II"]
[BlackTeam "SF Ostsee Warnemuende"]

1. e4 Nf6 2. e5 Nd5 3. d4 d6 4. Nf3 g6 5. Be2 Bg7 6. O-O O-O 7. c4 Nb6 8. Nc3
Nc6 9. exd6 cxd6 10. Be3 Bg4 11. b3 d5 12. cxd5 Nxd5 13. Nxd5 Qxd5 14. h3 Bxf3
15. Bxf3 Qd7 16. Rc1 Rac8 17. d5 Ne5 18. Rxc8 Nxf3+ 19. Qxf3 Rxc8 20. Bxa7 Ra8
21. Bc5 Qc7 22. Qe3 Be5 23. Re1 Rxa2 24. Bxe7 Qxe7 25. Qxe5 Qc5 26. Qf6 1-0

[Event "Verbandsliga MV 2014-15"]
[Site "Mecklenburg-Vorpommern"]
[Date "2014.11.09"]
[Round "2.6"]
[White "Schmidt, Reinhard"]
[Black "Schumann, Rabea"]
[Result "1-0"]
[WhiteElo "1815"]
[BlackElo "1809"]
[PlyCount "139"]
[EventType "team-tourn"]
[EventRounds "9"]
[WhiteTeam "SF Ostsee Warnemuende"]
[BlackTeam "SSC Rostock 07  II"]

1. e4 c6 2. d4 d5 3. exd5 cxd5 4. Bd3 Nc6 5. c3 Nf6 6. f3 e6 7. Ne2 Bd6 8. Bf4
O-O 9. Bxd6 Qxd6 10. O-O Bd7 11. Re1 Rfc8 12. Nd2 Na5 13. Rc1 b5 14. b4 Nc4 15.
Nxc4 bxc4 16. Bb1 a5 17. a3 axb4 18. axb4 Ra3 19. Ng3 Qf4 20. Qc2 g6 21. Qe2
Rca8 22. Qe5 Qxe5 23. dxe5 Ne8 24. Ne2 Nc7 25. Nd4 Nb5 26. Nxb5 Bxb5 27. Kf2
Rb3 28. Ke3 Ra1 29. Kd4 Rb2 30. Rg1 Be8 31. h3 Rd2+ 32. Kc5 Re2 33. f4 Ra3 34.
Kd4 Rb3 35. g3 Rbb2 36. Rge1 Rh2 37. h4 Rhg2 38. Re3 Rgd2+ 39. Kc5 Rb3 40. Rc2
Rxc2 41. Bxc2 Rb2 42. Re2 Ra2 43. Bd1 Ra1 44. Rd2 Ra3 45. Kd4 Ra1 46. Bf3 Ba4
47. Bxd5 exd5 48. Kxd5 Bb3 49. b5 Ra8 50. Kc5 Rb8 51. b6 Ba4 52. Rd6 Rc8+ 53.
Kb4 Bc2 54. Rd7 Be4 55. Ka5 Kf8 56. b7 Rb8 57. Kb6 Ke8 58. Rc7 Bxb7 59. Rxb7
Rd8 60. Kc5 Rc8+ 61. Kd4 Rc6 62. g4 Rc8 63. f5 gxf5 64. gxf5 Kf8 65. e6 fxe6
66. fxe6 h5 67. Ke5 Ke8 68. Rh7 Rc5+ 69. Kd6 Rf5 70. Rh8+ 1-0